000
00326nam a22001337a 4500
008
180201b xxu||||| |||| 00| 0 eng d
020
_a
9780619255169
041
_a
eng
080
_a
004
100
_a
30
101
_a
SHK
245
_a
TEACHERS DISCOVERING AND INTEGRATING OOFICE MICROSOFT
_c
SHELLY.C
942
_2
udc
_c
BK
999
_c
41465
_d
41465